[Event "ROM-ch U12 Girls"]
[Site "Calimanesti"]
[Date "2015.04.03"]
[Round "6"]
[White "Cosma, Anca Malina"]
[Black "Iarca, Irina Maria"]
[Result "0-1"]
[WhiteElo "1001"]
[BlackElo "1106"]
[PlyCount "62"]
[EventDate "2015.03.30"]
[EventType "swiss"]
[EventRounds "9"]
[EventCountry "ROU"]
[SourceTitle "CBM 165 Extra"]
[Source "ChessBase"]
[SourceDate "2015.04.21"]
[SourceVersion "1"]
[SourceVersionDate "2015.04.21"]
[SourceQuality "1"]

1. e4 e5 2. Nf3 Nc6 3. Bc4 Bc5 4. c3 Nf6 5. d4 exd4 6. cxd4 Bb4+ 7. Nc3 Bxc3+ 8. bxc3 Nxe4 9. 0-0 0-0 10. d5 Na5 11. Qd3 Nxc4 12. Qxe4 Nd6 13. Qd3 h6 14. Ba3 b6 15. Bxd6 cxd6 16. Rfe1 Qf6 17. Re3 Bb7 18. h3 Rac8 19. Rc1 Rc5 20. Ne1 Rxd5 21. Qe4 Rd1 22. Qc2 Rxc1 23. Qxc1 Rc8 24. Kf1 b5 25. Qa3 a6 26. Rd3 Rc4 27. Nf3 Qg6 28. Re3 Bxf3 29. Rxf3 Qb1+ 30. Ke2 Qc2+ 31. Kf1 Qd1# 0-1